000 00516nam a2200181Ia 4500
003 OSt
005 20200806150106.0
008 190216s9999||||xx |||||||||||||| ||und||
020 _a9788121925969
040 _coclc
082 _a512.9434
_bNAR/T
100 _aNarayan, Shanti
_93723
245 2 _aA Textbook Of Matrices /
_cShanti Narayan
260 _bS Chand & Co,
_c2009.
_aNew Delhi:
300 _a309p
650 _aMathematics
942 _cBK
_2ddc
_h512.9434
_iNAR/T
_k512.9434
_mNAR/T
999 _c32278
_d32278